000 00288nam a22001337a 4500
008 190306b xxu||||| |||| 00| 0 eng d
020 _a0876945418
041 _aeng
080 _a510
100 _a36
101 _aMAT
245 _aCompetency mathematics
_cParsky,L
942 _2udc
_cBK
999 _c54609
_d54609